000 00524cam a2200193ua 4500
001 2303
008 110812n ii |||gr||||Z||||||asm
020 _a81-86494-33-2
040 _cMAIN
082 _a370.15
100 _aSharma, Hemkanta,
_eAuthor.
245 1 _aParisankhya bigyan monoboigyanik parimapan
_cby Hemkanta Sharma
250 _a1st.
260 _aGuahati:
_bStudents stores,997.
300 _a455p:
_bill;
_c23cm.
653 _aEducation
653 _aParisankhya bigyan monoboigyanik parimapan
942 _cBK
999 _c2165
_d2165